[Event "Masters Tournament (MTO)"]
[Site "Biel, CH"]
[Date "2025.07.24"]
[Round "10"]
[White "Baenziger, Fabian"]
[Black "Sanket Chakravarty"]
[Result "1/2-1/2"]
[Board "8"]
[WhiteFideId "1330110"]
[BlackFideId "25032038"]
[WhiteTitle "IM"]
[BlackTitle "IM"]
[WhiteElo "2450"]
[BlackElo "2301"]
[WhiteTeam "SUI"]
[BlackTeam "IND"]
[WhiteClock "0:51:25"]
[BlackClock "0:45:26"]
[Variant "Standard"]

1. d4 {[%clk 1:40:57]}  d5 {[%clk 1:29:47]} 2. c4 {[%clk 1:41:11]}  c5 {[%clk 1:30:01]} 3. Nf3 {[%clk 1:38:55]}  cxd4 {[%clk 1:28:22]} 4. cxd5 {[%clk 1:38:11]}  Qxd5 {[%clk 1:28:00]} 5. Nc3 {[%clk 1:38:15]}  Qa5 {[%clk 1:28:20]} 6. Nxd4 {[%clk 1:38:28]}  Nf6 {[%clk 1:28:44]} 7. Nb3 {[%clk 1:30:50]}  Qc7 {[%clk 1:29:01]} 8. Bg5 {[%clk 1:29:49]}  Nc6 {[%clk 1:28:36]} 9. e3 {[%clk 1:26:11]}  g6 {[%clk 1:19:07]} 10. Rc1 {[%clk 1:21:46]}  Bg7 {[%clk 0:56:26]} 11. Bxf6 {[%clk 0:50:11]}  Bxf6 {[%clk 1:08:23]} 12. Nd5 {[%clk 0:50:36]}  Qd6 {[%clk 1:06:59]} 13. Nxf6+ {[%clk 0:50:59]}  Qxf6 {[%clk 0:45:26]} 14. Qd2 {[%clk 0:51:25]} 1/2-1/2

[Event "Masters Tournament (MTO)"]
[Site "Biel, CH"]
[Date "2025.07.24"]
[Round "10"]
[White "Banh Gia Huy"]
[Black "Federer, Colin"]
[Result "1-0"]
[Board "9"]
[WhiteFideId "12424714"]
[BlackFideId "1345117"]
[WhiteTitle "IM"]
[BlackTitle "FM"]
[WhiteElo "2445"]
[BlackElo "2303"]
[WhiteTeam "VIE"]
[BlackTeam "SUI"]
[WhiteClock "1:01:14"]
[BlackClock "1:02:04"]
[Variant "Standard"]

1. c4 {[%clk 1:40:54]}  Nf6 {[%clk 1:40:45]} 2. Nf3 {[%clk 1:41:22]}  g6 {[%clk 1:41:00]} 3. g3 {[%clk 1:41:51]}  Bg7 {[%clk 1:41:21]} 4. Bg2 {[%clk 1:42:19]}  O-O {[%clk 1:41:40]} 5. O-O {[%clk 1:42:47]}  Nc6 {[%clk 1:41:37]} 6. d4 {[%clk 1:42:50]}  d5 {[%clk 1:41:59]} 7. cxd5 {[%clk 1:43:03]}  Nxd5 {[%clk 1:42:24]} 8. Nc3 {[%clk 1:41:41]}  Nb6 {[%clk 1:42:39]} 9. e3 {[%clk 1:41:48]}  a5 {[%clk 1:37:30]} 10. Qe2 {[%clk 1:38:10]}  e5 {[%clk 1:35:55]} 11. dxe5 {[%clk 1:33:35]}  Qe7 {[%clk 1:38:48]} 12. Rd1 {[%clk 1:21:43]}  Nxe5 {[%clk 1:33:41]} 13. Nxe5 {[%clk 1:21:00]}  Qxe5 {[%clk 1:32:27]} 14. e4 {[%clk 1:21:01]}  Be6 {[%clk 1:29:04]} 15. Bf4 {[%clk 1:14:41]}  Qc5 {[%clk 1:29:54]} 16. Rac1 {[%clk 1:05:09]}  Bc4 {[%clk 1:21:57]} 17. Qc2 {[%clk 1:04:44]}  Qe7 {[%clk 1:03:48]} 18. Nd5 {[%clk 0:59:46]}  Nxd5 {[%clk 1:01:47]} 19. exd5 {[%clk 1:02:32]}  Bxa2 {[%clk 1:02:04]} 20. Ra1 {[%clk 1:01:14]} 1-0

[Event "Masters Tournament (MTO)"]
[Site "Biel, CH"]
[Date "2025.07.24"]
[Round "10"]
[White "Soo, Kai Jie"]
[Black "Arfan, Aditya Bagus"]
[Result "1/2-1/2"]
[Board "10"]
[WhiteFideId "5803454"]
[BlackFideId "7106041"]
[WhiteTitle "FM"]
[BlackTitle "IM"]
[WhiteElo "2240"]
[BlackElo "2385"]
[WhiteTeam "AUS"]
[BlackTeam "INA"]
[WhiteClock "0:28:56"]
[BlackClock "0:03:09"]
[Variant "Standard"]

1. d4 {[%clk 1:37:55]}  d5 {[%clk 1:40:14]} 2. c4 {[%clk 1:38:13]}  dxc4 {[%clk 1:40:28]} 3. e3 {[%clk 1:38:37]}  Nf6 {[%clk 1:39:07]} 4. Bxc4 {[%clk 1:38:58]}  e6 {[%clk 1:39:33]} 5. Nf3 {[%clk 1:39:21]}  a6 {[%clk 1:39:58]} 6. O-O {[%clk 1:39:44]}  c5 {[%clk 1:40:21]} 7. Bb3 {[%clk 1:40:09]}  b5 {[%clk 1:39:42]} 8. a4 {[%clk 1:40:33]}  Bb7 {[%clk 1:39:57]} 9. axb5 {[%clk 1:40:51]}  axb5 {[%clk 1:40:22]} 10. Rxa8 {[%clk 1:41:14]}  Bxa8 {[%clk 1:40:48]} 11. dxc5 {[%clk 1:39:02]}  Nbd7 {[%clk 1:29:58]} 12. Nc3 {[%clk 1:36:06]}  b4 {[%clk 1:31:03]} 13. Na4 {[%clk 1:26:59]}  Bxc5 {[%clk 1:23:23]} 14. Nxc5 {[%clk 1:31:44]}  Nxc5 {[%clk 1:23:41]} 15. Qxd8+ {[%clk 1:32:09]}  Kxd8 {[%clk 1:23:01]} 16. Bc4 {[%clk 1:32:01]}  Bd5 {[%clk 1:19:51]} 17. Rd1 {[%clk 1:28:44]}  Ke7 {[%clk 1:19:01]} 18. Bd2 {[%clk 1:26:59]}  Rb8 {[%clk 1:08:07]} 19. Nd4 {[%clk 1:26:01]}  Rb6 {[%clk 0:58:31]} 20. Bb5 {[%clk 1:25:03]}  Na6 {[%clk 0:49:51]} 21. f3 {[%clk 1:20:15]}  Bb7 {[%clk 0:45:52]} 22. e4 {[%clk 1:12:14]}  Nd7 {[%clk 0:41:11]} 23. Rc1 {[%clk 1:06:49]}  Kd8 {[%clk 0:38:34]} 24. Bxa6 {[%clk 1:01:20]}  Rxa6 {[%clk 0:37:08]} 25. Bxb4 {[%clk 1:00:12]}  Ra4 {[%clk 0:36:03]} 26. Bc3 {[%clk 1:01:06]}  g6 {[%clk 0:33:04]} 27. b3 {[%clk 0:58:34]}  Ra6 {[%clk 0:32:16]} 28. Bb4 {[%clk 0:58:01]}  f5 {[%clk 0:24:38]} 29. exf5 {[%clk 0:53:46]}  gxf5 {[%clk 0:25:00]} 30. Nb5 {[%clk 0:50:00]}  Bc6 {[%clk 0:22:15]} 31. Nd6 {[%clk 0:50:16]}  Ne5 {[%clk 0:14:18]} 32. Rd1 {[%clk 0:50:00]}  Kc7 {[%clk 0:09:22]} 33. h4 {[%clk 0:43:13]}  Ra2 {[%clk 0:03:12]} 34. Nb5+ {[%clk 0:38:49]}  Kb7 {[%clk 0:09:08]} 35. Nd4 {[%clk 0:38:56]}  Bd5 {[%clk 0:09:07]} 36. h5 {[%clk 0:35:56]}  Nc6 {[%clk 0:07:05]} 37. Bc3 {[%clk 0:31:44]}  Nxd4 {[%clk 0:02:04]} 38. Bxd4 {[%clk 0:35:30]}  Kc6 {[%clk 0:01:38]} 39. b4 {[%clk 0:33:49]}  Kb5 {[%clk 0:00:34]} 40. Bc5 {[%clk 0:33:26]}  Re2 {[%clk 0:00:34]} 41. Rd4 {[%clk 0:16:44]}  Kc6 {[%clk 0:14:13]} 42. Bf8 {[%clk 0:57:40]}  Rb2 {[%clk 0:11:44]} 43. Bg7 {[%clk 0:56:41]}  Re2 {[%clk 0:05:48]} 44. Bf8 {[%clk 0:56:37]}  Rb2 {[%clk 0:05:57]} 45. Rf4 {[%clk 0:56:45]}  Kd7 {[%clk 0:06:14]} 46. Kh2 {[%clk 0:56:02]}  Ke8 {[%clk 0:06:12]} 47. Bg7 {[%clk 0:56:17]}  Rb3 {[%clk 0:06:34]} 48. Kg3 {[%clk 0:56:18]}  Kf7 {[%clk 0:06:28]} 49. Bh8 {[%clk 0:56:02]}  Rb1 {[%clk 0:05:24]} 50. Kh4 {[%clk 0:54:09]}  Kg8 {[%clk 0:04:16]} 51. Be5 {[%clk 0:53:59]}  h6 {[%clk 0:03:28]} 52. Kg3 {[%clk 0:54:14]}  Kf7 {[%clk 0:03:19]} 53. Rd4 {[%clk 0:53:46]}  Rh1 {[%clk 0:01:48]} 54. Bf4 {[%clk 0:52:24]}  Kf6 {[%clk 0:00:49]} 55. Kf2 {[%clk 0:46:25]}  e5 {[%clk 0:00:32]} 56. Rxd5 {[%clk 0:46:35]}  exf4 {[%clk 0:01:01]} 57. Rd4 {[%clk 0:45:58]}  Kg5 {[%clk 0:00:52]} 58. Ke2 {[%clk 0:45:14]}  Rg1 {[%clk 0:01:03]} 59. Kd3 {[%clk 0:43:37]}  Rxg2 {[%clk 0:01:15]} 60. Kc3 {[%clk 0:44:00]}  Rg3 {[%clk 0:00:32]} 61. Rd3 {[%clk 0:44:23]}  Kxh5 {[%clk 0:00:49]} 62. b5 {[%clk 0:43:29]}  Kh4 {[%clk 0:00:58]} 63. Kb4 {[%clk 0:28:27]}  h5 {[%clk 0:00:42]} 64. Rd4 {[%clk 0:27:48]}  Rxf3 {[%clk 0:00:39]} 65. b6 {[%clk 0:28:09]}  Re3 {[%clk 0:00:37]} 66. Rxf4 {[%clk 0:27:39]}  Kg5 {[%clk 0:01:01]} 67. Rc4 {[%clk 0:27:17]}  Re8 {[%clk 0:00:51]} 68. b7 {[%clk 0:24:11]}  Rb8 {[%clk 0:01:17]} 69. Rc7 {[%clk 0:24:37]}  h4 {[%clk 0:00:52]} 70. Kc5 {[%clk 0:25:01]}  h3 {[%clk 0:00:45]} 71. Kb6 {[%clk 0:25:07]}  f4 {[%clk 0:00:35]} 72. Rh7 {[%clk 0:24:24]}  Kg4 {[%clk 0:00:54]} 73. Rg7+ {[%clk 0:24:44]}  Kf3 {[%clk 0:00:44]} 74. Rh7 {[%clk 0:25:09]}  Kg3 {[%clk 0:01:01]} 75. Rg7+ {[%clk 0:25:34]}  Kf3 {[%clk 0:01:23]} 76. Rh7 {[%clk 0:26:00]}  Kg2 {[%clk 0:01:48]} 77. Rg7+ {[%clk 0:26:16]}  Kf2 {[%clk 0:01:37]} 78. Rh7 {[%clk 0:26:42]}  Kg2 {[%clk 0:01:30]} 79. Rg7+ {[%clk 0:27:04]}  Kh1 {[%clk 0:01:06]} 80. Rf7 {[%clk 0:27:25]}  h2 {[%clk 0:01:30]} 81. Rxf4 {[%clk 0:27:51]}  Kg2 {[%clk 0:01:57]} 82. Rh4 {[%clk 0:28:14]}  h1=Q {[%clk 0:02:16]} 83. Rxh1 {[%clk 0:28:40]}  Kxh1 {[%clk 0:02:43]} 84. Ka7 {[%clk 0:29:02]}  Rxb7+ {[%clk 0:03:09]} 85. Kxb7 {[%clk 0:28:56]} 1/2-1/2

[Event "Masters Tournament (MTO)"]
[Site "Biel, CH"]
[Date "2025.07.24"]
[Round "10"]
[White "Gruenfeld, Yehuda"]
[Black "Deshpande, Aniruddha"]
[Result "1-0"]
[Board "11"]
[WhiteFideId "2800020"]
[BlackFideId "5021774"]
[WhiteTitle "GM"]
[BlackTitle "FM"]
[WhiteElo "2367"]
[BlackElo "2263"]
[WhiteTeam "ISR"]
[BlackTeam "IND"]
[WhiteClock "0:58:40"]
[BlackClock "0:03:12"]
[Variant "Standard"]

1. e4 {[%clk 1:40:57]}  c6 {[%clk 1:33:52]} 2. d4 {[%clk 1:41:18]}  d5 {[%clk 1:34:12]} 3. Nc3 {[%clk 1:41:43]}  dxe4 {[%clk 1:34:35]} 4. Nxe4 {[%clk 1:42:07]}  Bf5 {[%clk 1:34:59]} 5. Ng3 {[%clk 1:42:32]}  Bg6 {[%clk 1:35:22]} 6. h4 {[%clk 1:42:57]}  h6 {[%clk 1:35:45]} 7. Nf3 {[%clk 1:43:19]}  e6 {[%clk 1:35:39]} 8. Ne5 {[%clk 1:37:33]}  Bh7 {[%clk 1:36:05]} 9. Bd3 {[%clk 1:37:46]}  Bxd3 {[%clk 1:36:27]} 10. Qxd3 {[%clk 1:37:53]}  Nd7 {[%clk 1:36:43]} 11. Bf4 {[%clk 1:30:49]}  Nxe5 {[%clk 1:35:00]} 12. Bxe5 {[%clk 1:33:37]}  Qa5+ {[%clk 1:35:15]} 13. c3 {[%clk 1:33:12]}  Nf6 {[%clk 1:35:34]} 14. O-O {[%clk 1:24:41]}  Be7 {[%clk 1:33:17]} 15. b4 {[%clk 1:21:55]}  Qa3 {[%clk 1:29:51]} 16. Qf3 {[%clk 1:06:43]}  a5 {[%clk 1:12:19]} 17. b5 {[%clk 0:57:20]}  cxb5 {[%clk 1:04:26]} 18. Rfb1 {[%clk 1:08:58]}  Nd5 {[%clk 0:53:26]} 19. Rb3 {[%clk 1:05:24]}  Qa4 {[%clk 0:52:12]} 20. Nh5 {[%clk 1:01:28]}  Bf6 {[%clk 0:47:31]} 21. Bxf6 {[%clk 1:05:26]}  gxf6 {[%clk 0:47:13]} 22. Nxf6+ {[%clk 1:05:50]}  Nxf6 {[%clk 0:47:20]} 23. Qxf6 {[%clk 1:06:08]}  Rg8 {[%clk 0:47:16]} 24. Rab1 {[%clk 1:05:41]}  b4 {[%clk 0:38:06]} 25. cxb4 {[%clk 1:05:54]}  Qc6 {[%clk 0:38:24]} 26. Rf3 {[%clk 1:04:51]}  Rf8 {[%clk 0:35:29]} 27. b5 {[%clk 1:04:37]}  Qc4 {[%clk 0:31:22]} 28. Re1 {[%clk 0:53:24]}  Qxa2 {[%clk 0:16:38]} 29. Rc1 {[%clk 0:58:32]}  Kd7 {[%clk 0:03:12]} 30. Rfc3 {[%clk 0:58:40]} 1-0

[Event "Masters Tournament (MTO)"]
[Site "Biel, CH"]
[Date "2025.07.24"]
[Round "10"]
[White "Latorre, Vincent"]
[Black "Mostertman, Milan"]
[Result "1-0"]
[Board "12"]
[WhiteFideId "2636891"]
[BlackFideId "1025848"]
[WhiteTitle "FM"]
[BlackTitle "FM"]
[WhiteElo "2326"]
[BlackElo "2212"]
[WhiteTeam "CAN"]
[BlackTeam "NED"]
[WhiteClock "0:29:38"]
[BlackClock "0:27:06"]
[Variant "Standard"]

1. Nf3 {[%clk 1:40:19]}  Nf6 {[%clk 1:40:52]} 2. g3 {[%clk 1:40:29]}  b5 {[%clk 1:41:13]} 3. Bg2 {[%clk 1:40:13]}  Bb7 {[%clk 1:41:36]} 4. O-O {[%clk 1:39:59]}  e6 {[%clk 1:32:53]} 5. d4 {[%clk 1:26:06]}  c5 {[%clk 1:30:54]} 6. c3 {[%clk 1:24:26]}  cxd4 {[%clk 1:42:33]} 7. cxd4 {[%clk 1:24:40]}  Be7 {[%clk 1:37:57]} 8. a4 {[%clk 1:19:00]}  b4 {[%clk 1:38:18]} 9. a5 {[%clk 1:17:02]}  Qc8 {[%clk 1:29:48]} 10. Bg5 {[%clk 1:11:05]}  h6 {[%clk 1:27:42]} 11. Bxf6 {[%clk 1:07:04]}  Bxf6 {[%clk 1:24:43]} 12. Nbd2 {[%clk 1:01:37]}  O-O {[%clk 1:34:23]} 13. Qb3 {[%clk 1:00:54]}  Be7 {[%clk 1:26:03]} 14. Rfc1 {[%clk 0:57:54]}  Qd8 {[%clk 1:21:21]} 15. Ne5 {[%clk 0:50:24]}  Bxg2 {[%clk 1:25:53]} 16. Kxg2 {[%clk 0:50:15]}  Nc6 {[%clk 1:14:39]} 17. Nxc6 {[%clk 0:39:30]}  dxc6 {[%clk 1:23:59]} 18. Qd3 {[%clk 0:26:25]}  c5 {[%clk 1:08:15]} 19. dxc5 {[%clk 0:26:47]}  Qxd3 {[%clk 1:07:07]} 20. exd3 {[%clk 0:27:10]}  Rfd8 {[%clk 1:05:33]} 21. Ne4 {[%clk 0:19:16]}  Rxd3 {[%clk 0:58:34]} 22. Rd1 {[%clk 0:23:42]}  Rd5 {[%clk 0:56:59]} 23. Rxd5 {[%clk 0:23:07]}  exd5 {[%clk 0:57:27]} 24. Nd6 {[%clk 0:17:49]}  Bxd6 {[%clk 0:50:11]} 25. cxd6 {[%clk 0:23:36]}  Rd8 {[%clk 0:49:35]} 26. Ra4 {[%clk 0:22:39]}  Rxd6 {[%clk 0:49:36]} 27. Rxb4 {[%clk 0:14:20]}  d4 {[%clk 0:40:38]} 28. Kf1 {[%clk 0:24:01]}  d3 {[%clk 0:41:00]} 29. Ke1 {[%clk 0:24:22]}  d2+ {[%clk 0:36:47]} 30. Kd1 {[%clk 0:24:34]}  Rd7 {[%clk 0:27:24]} 31. Rb8+ {[%clk 0:17:18]}  Kh7 {[%clk 0:34:50]} 32. b4 {[%clk 0:16:21]}  Kg6 {[%clk 0:30:01]} 33. b5 {[%clk 0:09:51]}  f6 {[%clk 0:24:17]} 34. a6 {[%clk 0:06:05]}  h5 {[%clk 0:29:38]} 35. h3 {[%clk 0:03:29]}  h4 {[%clk 0:28:09]} 36. gxh4 {[%clk 0:04:24]}  Kh5 {[%clk 0:26:55]} 37. Rh8+ {[%clk 0:02:18]}  Kg6 {[%clk 0:28:31]} 38. Rb8 {[%clk 0:01:53]}  Kh5 {[%clk 0:29:00]} 39. Rb7 {[%clk 0:00:34]}  Rd5 {[%clk 0:29:22]} 40. Rxg7 {[%clk 0:00:33]}  Rxb5 {[%clk 0:14:32]} 41. Rxa7 {[%clk 0:29:36]}  Ra5 {[%clk 0:10:11]} 42. Ra8 {[%clk 0:29:08]}  Kg6 {[%clk 0:40:08]} 43. h5+ {[%clk 0:24:45]}  Kg7 {[%clk 0:37:43]} 44. a7 {[%clk 0:20:41]}  Ra2 {[%clk 0:32:52]} 45. h6+ {[%clk 0:27:39]}  Kh7 {[%clk 0:33:12]} 46. f3 {[%clk 0:26:52]}  Ra6 {[%clk 0:28:37]} 47. Kxd2 {[%clk 0:27:43]}  Ra3 {[%clk 0:28:27]} 48. Ke2 {[%clk 0:27:40]}  Ra2+ {[%clk 0:29:13]} 49. Ke3 {[%clk 0:28:25]}  Ra3+ {[%clk 0:29:38]} 50. Kf4 {[%clk 0:28:42]}  Ra5 {[%clk 0:29:39]} 51. h4 {[%clk 0:28:44]}  Ra3 {[%clk 0:28:53]} 52. Kg4 {[%clk 0:27:47]}  Ra5 {[%clk 0:28:21]} 53. Kf4 {[%clk 0:27:37]}  Ra3 {[%clk 0:28:37]} 54. Ke4 {[%clk 0:27:55]}  Ra5 {[%clk 0:28:52]} 55. Kd4 {[%clk 0:28:10]}  Ra3 {[%clk 0:26:33]} 56. Kc5 {[%clk 0:28:13]}  Ra6 {[%clk 0:27:28]} 57. Kd5 {[%clk 0:28:36]}  Ra5+ {[%clk 0:27:29]} 58. Ke6 {[%clk 0:28:53]}  Ra6+ {[%clk 0:27:28]} 59. Kf7 {[%clk 0:28:55]}  Ra3 {[%clk 0:26:04]} 60. f4 {[%clk 0:28:51]}  Ra4 {[%clk 0:26:28]} 61. f5 {[%clk 0:29:06]}  Ra6 {[%clk 0:26:12]} 62. Ke7 {[%clk 0:27:39]}  Ra5 {[%clk 0:25:44]} 63. Kxf6 {[%clk 0:27:52]}  Ra6+ {[%clk 0:26:45]} 64. Ke5 {[%clk 0:28:05]}  Ra5+ {[%clk 0:27:06]} 65. Ke6 {[%clk 0:28:08]}  Ra6+ {[%clk 0:27:26]} 66. Ke7 {[%clk 0:28:12]}  Ra1 {[%clk 0:26:47]} 67. f6 {[%clk 0:28:20]}  Re1+ {[%clk 0:27:37]} 68. Kd6 {[%clk 0:28:36]}  Rd1+ {[%clk 0:27:16]} 69. Kc5 {[%clk 0:28:55]}  Rc1+ {[%clk 0:27:27]} 70. Kd4 {[%clk 0:29:17]}  Rd1+ {[%clk 0:27:17]} 71. Ke3 {[%clk 0:29:34]}  Rd7 {[%clk 0:27:24]} 72. Re8 {[%clk 0:29:19]}  Rxa7 {[%clk 0:27:06]} 73. Re7+ {[%clk 0:29:38]} 1-0

[Event "Masters Tournament (MTO)"]
[Site "Biel, CH"]
[Date "2025.07.24"]
[Round "10"]
[White "Chen, Jun-Wei"]
[Black "Song, Ethan"]
[Result "1-0"]
[Board "13"]
[WhiteFideId "16304128"]
[BlackFideId "62900412"]
[BlackTitle "FM"]
[WhiteElo "1906"]
[BlackElo "2288"]
[WhiteTeam "TPE"]
[BlackTeam "CAN"]
[WhiteClock "1:29:16"]
[BlackClock "0:32:42"]
[Variant "Standard"]

1. e4 {[%clk 1:40:57]}  e5 {[%clk 1:36:43]} 2. Nf3 {[%clk 1:41:22]}  Nc6 {[%clk 1:37:11]} 3. Bc4 {[%clk 1:41:45]}  Bc5 {[%clk 1:37:01]} 4. b4 {[%clk 1:42:08]}  Bxb4 {[%clk 1:37:53]} 5. c3 {[%clk 1:42:32]}  Ba5 {[%clk 1:37:20]} 6. d4 {[%clk 1:42:56]}  d6 {[%clk 1:32:17]} 7. Qb3 {[%clk 1:37:12]}  Qd7 {[%clk 1:26:01]} 8. O-O {[%clk 1:30:45]}  Bb6 {[%clk 1:12:10]} 9. Nbd2 {[%clk 1:44:01]}  Na5 {[%clk 1:08:48]} 10. Qc2 {[%clk 1:43:17]}  Nxc4 {[%clk 1:04:35]} 11. Nxc4 {[%clk 1:44:49]}  f6 {[%clk 1:04:06]} 12. a4 {[%clk 1:43:40]}  Qf7 {[%clk 1:00:13]} 13. Qd3 {[%clk 1:43:59]}  Be6 {[%clk 0:58:30]} 14. Nfd2 {[%clk 1:44:19]}  Bxc4 {[%clk 0:55:12]} 15. Nxc4 {[%clk 1:43:54]}  a6 {[%clk 0:54:46]} 16. Rb1 {[%clk 1:43:54]}  Qe6 {[%clk 0:47:36]} 17. Nxb6 {[%clk 1:43:22]}  cxb6 {[%clk 0:49:16]} 18. Rxb6 {[%clk 1:43:39]}  Ne7 {[%clk 0:47:36]} 19. Rxb7 {[%clk 1:40:25]}  Kf7 {[%clk 0:44:12]} 20. Ba3 {[%clk 1:36:03]}  Rhd8 {[%clk 0:42:07]} 21. Rfb1 {[%clk 1:32:19]}  exd4 {[%clk 0:38:30]} 22. cxd4 {[%clk 1:41:23]}  Rac8 {[%clk 0:35:14]} 23. h3 {[%clk 1:35:36]}  Rc4 {[%clk 0:34:01]} 24. e5 {[%clk 1:34:14]}  fxe5 {[%clk 0:33:02]} 25. dxe5 {[%clk 1:34:22]}  Rcc8 {[%clk 0:32:28]} 26. exd6 {[%clk 1:33:19]}  Kg8 {[%clk 0:32:34]} 27. d7 {[%clk 1:30:00]}  Ra8 {[%clk 0:32:48]} 28. Bxe7 {[%clk 1:29:34]}  Qxe7 {[%clk 0:33:14]} 29. Rc1 {[%clk 1:29:41]}  h6 {[%clk 0:33:20]} 30. Rbc7 {[%clk 1:29:39]}  Qe6 {[%clk 0:32:22]} 31. Qc4 {[%clk 1:29:08]}  Kf7 {[%clk 0:32:42]} 32. Rc8 {[%clk 1:29:16]} 1-0

[Event "Masters Tournament (MTO)"]
[Site "Biel, CH"]
[Date "2025.07.24"]
[Round "10"]
[White "Chen, Yuan"]
[Black "Schimnatkowski, Lukas"]
[Result "1-0"]
[Board "14"]
[WhiteFideId "8618860"]
[BlackFideId "12936723"]
[WhiteElo "2286"]
[BlackElo "2202"]
[WhiteTeam "CHN"]
[BlackTeam "GER"]
[WhiteClock "1:16:51"]
[BlackClock "0:12:07"]
[Variant "Standard"]

1. d4 {[%clk 1:40:40]}  Nf6 {[%clk 1:40:35]} 2. c4 {[%clk 1:40:58]}  e6 {[%clk 1:40:43]} 3. Nf3 {[%clk 1:41:02]}  d5 {[%clk 1:41:01]} 4. Nc3 {[%clk 1:41:15]}  dxc4 {[%clk 1:41:19]} 5. e3 {[%clk 1:40:53]}  a6 {[%clk 1:39:44]} 6. a4 {[%clk 1:38:38]}  c5 {[%clk 1:37:24]} 7. Bxc4 {[%clk 1:38:58]}  Nc6 {[%clk 1:36:24]} 8. O-O {[%clk 1:39:15]}  cxd4 {[%clk 1:32:55]} 9. exd4 {[%clk 1:39:25]}  Be7 {[%clk 1:33:00]} 10. h3 {[%clk 1:37:37]}  O-O {[%clk 1:32:42]} 11. Be3 {[%clk 1:36:59]}  Nb4 {[%clk 1:24:23]} 12. Ne5 {[%clk 1:28:41]}  Bd7 {[%clk 1:14:25]} 13. Qb3 {[%clk 1:19:05]}  Bc6 {[%clk 1:05:30]} 14. Rfd1 {[%clk 1:27:05]}  Rc8 {[%clk 0:59:54]} 15. Rac1 {[%clk 1:22:29]}  Nfd5 {[%clk 0:50:53]} 16. Bd2 {[%clk 1:12:56]}  Bg5 {[%clk 0:39:14]} 17. Nxd5 {[%clk 1:07:40]}  exd5 {[%clk 0:14:27]} 18. Qxb4 {[%clk 1:15:42]}  Bxd2 {[%clk 0:11:04]} 19. Rxd2 {[%clk 1:12:58]}  dxc4 {[%clk 0:11:17]} 20. d5 {[%clk 1:06:21]}  a5 {[%clk 0:07:58]} 21. Qa3 {[%clk 1:06:45]}  Re8 {[%clk 0:00:46]} 22. Nf3 {[%clk 1:00:49]}  Bd7 {[%clk 0:01:01]} 23. Rd4 {[%clk 1:01:15]}  b5 {[%clk 0:00:57]} 24. axb5 {[%clk 1:00:58]}  Bxb5 {[%clk 0:01:20]} 25. d6 {[%clk 1:00:25]}  Rb8 {[%clk 0:00:45]} 26. Rcd1 {[%clk 0:58:21]}  Qb6 {[%clk 0:00:38]} 27. d7 {[%clk 0:55:15]}  Red8 {[%clk 0:01:04]} 28. Ne5 {[%clk 0:55:41]}  Qe6 {[%clk 0:00:42]} 29. Qc5 {[%clk 0:55:26]}  h6 {[%clk 0:00:43]} 30. Rd6 {[%clk 0:52:59]}  Qe7 {[%clk 0:00:44]} 31. R1d2 {[%clk 0:50:09]}  a4 {[%clk 0:00:40]} 32. Rd1 {[%clk 0:48:01]}  a3 {[%clk 0:01:01]} 33. bxa3 {[%clk 0:47:12]}  Ba4 {[%clk 0:00:21]} 34. Nc6 {[%clk 0:47:04]}  Bxc6 {[%clk 0:00:46]} 35. Qxc6 {[%clk 0:47:30]}  Qe2 {[%clk 0:00:43]} 36. R6d2 {[%clk 0:47:03]}  Qe6 {[%clk 0:00:49]} 37. Qxe6 {[%clk 0:42:48]}  fxe6 {[%clk 0:01:15]} 38. Rc1 {[%clk 0:43:16]}  Rb7 {[%clk 0:01:03]} 39. Rxc4 {[%clk 0:43:40]}  Rbxd7 {[%clk 0:01:13]} 40. Rxd7 {[%clk 0:43:59]}  Rxd7 {[%clk 0:01:39]} 41. Rc1 {[%clk 0:44:14]}  Ra7 {[%clk 0:29:18]} 42. Ra1 {[%clk 1:14:43]}  Ra4 {[%clk 0:29:40]} 43. Kf1 {[%clk 1:15:02]}  Kf7 {[%clk 0:30:06]} 44. Ke2 {[%clk 1:15:30]}  Ke7 {[%clk 0:29:40]} 45. Kd3 {[%clk 1:15:55]}  Kd6 {[%clk 0:30:00]} 46. Kc3 {[%clk 1:16:21]}  Kc5 {[%clk 0:29:20]} 47. Kb3 {[%clk 1:15:21]}  Re4 {[%clk 0:27:11]} 48. a4 {[%clk 1:14:22]}  Kb6 {[%clk 0:19:30]} 49. a5+ {[%clk 1:14:06]}  Ka6 {[%clk 0:19:23]} 50. Ra2 {[%clk 1:14:24]}  g5 {[%clk 0:12:04]} 51. Kc3 {[%clk 1:14:29]}  h5 {[%clk 0:06:57]} 52. Kd3 {[%clk 1:14:38]}  Rf4 {[%clk 0:06:38]} 53. Re2 {[%clk 1:10:42]}  g4 {[%clk 0:06:22]} 54. Rxe6+ {[%clk 1:10:35]}  Kxa5 {[%clk 0:06:47]} 55. Re5+ {[%clk 1:11:01]}  Kb6 {[%clk 0:07:06]} 56. Ke3 {[%clk 1:11:09]}  Rc4 {[%clk 0:06:13]} 57. Rxh5 {[%clk 1:11:24]}  gxh3 {[%clk 0:06:28]} 58. Rxh3 {[%clk 1:11:50]}  Kc6 {[%clk 0:06:43]} 59. Rh5 {[%clk 1:12:07]}  Kd6 {[%clk 0:07:08]} 60. Kf3 {[%clk 1:12:23]}  Ke6 {[%clk 0:07:33]} 61. g4 {[%clk 1:12:49]}  Kf6 {[%clk 0:07:52]} 62. Kg3 {[%clk 1:13:16]}  Kg6 {[%clk 0:08:15]} 63. Ra5 {[%clk 1:13:30]}  Rc3+ {[%clk 0:08:38]} 64. f3 {[%clk 1:13:56]}  Rb3 {[%clk 0:09:04]} 65. Rf5 {[%clk 1:12:29]}  Rb1 {[%clk 0:08:41]} 66. Re5 {[%clk 1:12:16]}  Rb3 {[%clk 0:08:58]} 67. Kf4 {[%clk 1:12:42]}  Ra3 {[%clk 0:09:20]} 68. Re6+ {[%clk 1:13:06]}  Kf7 {[%clk 0:09:39]} 69. Re3 {[%clk 1:13:32]}  Ra5 {[%clk 0:10:00]} 70. Kg3 {[%clk 1:13:46]}  Kf6 {[%clk 0:10:21]} 71. Rb3 {[%clk 1:14:11]}  Ra1 {[%clk 0:10:42]} 72. Rb6+ {[%clk 1:14:31]}  Kg7 {[%clk 0:11:04]} 73. f4 {[%clk 1:14:52]}  Ra4 {[%clk 0:10:51]} 74. f5 {[%clk 1:15:04]}  Kf7 {[%clk 0:10:24]} 75. Kh4 {[%clk 1:15:25]}  Ra8 {[%clk 0:10:47]} 76. Kg5 {[%clk 1:15:50]}  Ra7 {[%clk 0:09:49]} 77. Rh6 {[%clk 1:15:02]}  Kg7 {[%clk 0:11:23]} 78. Kh5 {[%clk 1:14:51]}  Ra1 {[%clk 0:11:11]} 79. Rb6 {[%clk 1:15:17]}  Ra7 {[%clk 0:11:19]} 80. g5 {[%clk 1:15:38]}  Kg8 {[%clk 0:10:26]} 81. f6 {[%clk 1:15:19]}  Rc7 {[%clk 0:11:05]} 82. Kg6 {[%clk 1:15:27]}  Rc8 {[%clk 0:11:28]} 83. Rb7 {[%clk 1:15:42]}  Ra8 {[%clk 0:11:52]} 84. Rg7+ {[%clk 1:16:07]}  Kf8 {[%clk 0:12:04]} 85. Rh7 {[%clk 1:16:31]}  Re8 {[%clk 0:12:07]} 86. Rh8# {[%clk 1:16:51]} 1-0